| 000 | 00524nam a2200193Ia 4500 | ||
|---|---|---|---|
| 003 | GCL | ||
| 008 | 140319s9999 xx 000 0 eng d | ||
| 020 | _a977 424 386 6 | ||
| 040 |
_aGCL / _cGCL |
||
| 082 | 0 | 4 |
_aCC _b962.39 _bH M |
| 100 | 1 | _aHOBBS, JOSEPH | |
| 245 | 1 | 0 |
_aMOUNT SINAI / _cHOBBS, JOSEPH |
| 260 |
_aالقاهرة : _bTHE AMERICAN UNIVERSITY IN CAIRO PRESS ، _c1996 |
||
| 300 |
_a363 P ؛ _c22 cm. |
||
| 650 | 0 | 4 | _aSINAI |
| 650 | 0 | 4 | _aSAINT CATHERINE - HISTORY |
| 650 | 0 | 4 | _aMOUNT SINAI |
| 942 |
_2ddc _cBK |
||
| 999 |
_c11757 _d11757 |
||